The message of holiness : (Record no. 21219)
[ view plain ]
| 000 -LEADER | |
|---|---|
| fixed length control field | 02910cam a2200397 a 4500 |
| 001 - CONTROL NUMBER | |
| control field | 16075299 |
| 003 - CONTROL NUMBER IDENTIFIER | |
| control field | OSt |
| 005 - DATE AND TIME OF LATEST TRANSACTION | |
| control field | 20260213140017.0 |
| 008 - FIXED-LENGTH DATA ELEMENTS--GENERAL INFORMATION | |
| fixed length control field | 100129s2010 ilu b 000 0 eng |
| 010 ## - LIBRARY OF CONGRESS CONTROL NUMBER | |
| LC control number | 2010004098 |
| 020 ## - INTERNATIONAL STANDARD BOOK NUMBER | |
| International Standard Book Number | 9780830824120 |
| Qualifying information | paper - usa : alk. paper |
| 020 ## - INTERNATIONAL STANDARD BOOK NUMBER | |
| International Standard Book Number | 9781844744114 |
| Qualifying information | paper - uk : alk. paper |
| 035 ## - SYSTEM CONTROL NUMBER | |
| System control number | 16075299 |
| 035 ## - SYSTEM CONTROL NUMBER | |
| System control number | (OCoLC)460060896 |
| 040 ## - CATALOGING SOURCE | |
| Original cataloging agency | DLC |
| Transcribing agency | DLC |
| Modifying agency | BTCTA |
| -- | YDXCP |
| -- | C#P |
| -- | SGB |
| -- | BWX |
| -- | DTM |
| -- | CDX |
| -- | HNW |
| -- | DLC |
| 050 00 - LIBRARY OF CONGRESS CALL NUMBER | |
| Classification number | BS680.H54 |
| Item number | T53 2010 |
| 082 00 - DEWEY DECIMAL CLASSIFICATION NUMBER | |
| Classification number | 234/.8 |
| Edition number | 22 |
| 100 1# - MAIN ENTRY--PERSONAL NAME | |
| Personal name | Tidball, Derek. |
| 245 14 - TITLE STATEMENT | |
| Title | The message of holiness : |
| Remainder of title | restoring God's masterpiece / |
| Statement of responsibility, etc. | Derek Tidball. |
| 260 ## - PUBLICATION, DISTRIBUTION, ETC. (IMPRINT) | |
| Place of publication, distribution, etc. | Downers Grove, Ill. : |
| Name of publisher, distributor, etc. | InterVarsity Press, |
| Date of publication, distribution, etc. | c2010. |
| 300 ## - PHYSICAL DESCRIPTION | |
| Extent | 313 p. ; |
| Dimensions | 21 cm. |
| 336 ## - CONTENT TYPE | |
| Content type term | text |
| Content type code | txt |
| Source | rdacontent |
| 337 ## - MEDIA TYPE | |
| Media type term | unmediated |
| Media type code | n |
| Source | rdamedia |
| 338 ## - CARRIER TYPE | |
| Carrier type term | volume |
| Carrier type code | nc |
| Source | rdacarrier |
| 490 1# - SERIES STATEMENT | |
| Series statement | The Bible speaks today : Bible themes series |
| 504 ## - BIBLIOGRAPHY, ETC. NOTE | |
| Bibliography, etc | Includes bibliographical references (p. 13-19). |
| 505 0# - FORMATTED CONTENTS NOTE | |
| Formatted contents note | pt. 1. The foundation of holiness. God of the smoking mountain (Exodus 19:1-25) ; God in glory (Isaiah 6:1-13) ; God in Trinity (1 Peter 1:1-2, 13-21) -- pt. 2. Visions of holiness. Holiness as purity (Leviticus 11:1-47) ; Holiness as wisdom (Proverbs 2:1-22) ; Holiness as justice (Isaiah 58:1-14) -- pt. 3. The transformation of holiness. Holiness personified (Luke 1:35, 4:1, 34; 23:41) ; Holiness redefined (Matthew 5:20, 48; Mark 5:1-43; 7:1-23; Luke 14:1-4) ; Holiness orchestrated (John 17:6-19) -- pt. 4. The dimensions of holiness. Inner purity (Psalm 51) ; Personal holiness (1Thessalonians 4:1-12) ; Corporate holiness (1 Peter 2:4-10, Ephesians 4:17-5:20) ; Social holiness (Micah 6:1-8) -- pt. 5. Pathways to holiness. The Spirit of God (Galatians 5:13-6:10) ; The Word of God (2 Timothy 3:14-17) ; The discipline of God (Hebrews 12:1-17) ; Union with Christ (Romans 6:1-23) ; Conflict with the enemy (Ephesians 6:10-18) ; Separation from the world (2 Corinthians 6:14-7:1) -- pt. 6. The destination of holiness. To be like him (1 John 2:28-3:10) ; He will do it (1 Thessalonians 5:23-24) -- Study guide. |
| 520 ## - SUMMARY, ETC. | |
| Summary, etc. | Derek Tidball surveys the Scriptures for a comprehensive biblical understanding of this elusive mandate from God to "be holy as I am holy." The triune God of glory, he contends, sets us on paths that lead us through encounters with God, ourselves, our enemies and our companions to our ultimate destination, where we discover that we have been reshaped by God into his own image. --from publisher description |
| 650 #0 - SUBJECT ADDED ENTRY--TOPICAL TERM | |
| Topical term or geographic name as entry element | Holiness |
| General subdivision | Biblical teaching. |
| 650 #0 - SUBJECT ADDED ENTRY--TOPICAL TERM | |
| Topical term or geographic name as entry element | Holiness |
| General subdivision | Christianity. |
| 830 #0 - SERIES ADDED ENTRY--UNIFORM TITLE | |
| Uniform title | Bible speaks today. |
| Name of part/section of a work | Bible themes series. |
| 906 ## - LOCAL DATA ELEMENT F, LDF (RLIN) | |
| a | 7 |
| b | cbc |
| c | orignew |
| d | 1 |
| e | ecip |
| f | 20 |
| g | y-gencatlg |
| 942 ## - ADDED ENTRY ELEMENTS (KOHA) | |
| Source of classification or shelving scheme | Library of Congress Classification |
| Koha item type | General Collection |
| Withdrawn status | Lost status | Source of classification or shelving scheme | Not for loan | Home library | Current library | Shelving location | Date acquired | Source of acquisition | Inventory number | Total Checkouts | Full call number | Barcode | Date last seen | Copy number | Price effective from | Koha item type |
|---|---|---|---|---|---|---|---|---|---|---|---|---|---|---|---|---|
| Library of Congress Classification | Kabarak, Main Campus | Kabarak, Main Campus | General Stacks | 13/02/2026 | Donation | 2025/3563 | BS680.H54 T53 2010 C.1 | 39811 | 13/02/2026 | C.1 | 13/02/2026 | General Collection |